000 00442nam a2200169Ia 4500
008 210719s1979 xx 000 0 und d
020 _a0835942252
041 _aeng
082 _a658.3044 PATM
100 _aPATTY (C Robert)
245 _aManaging salespeople.
260 _aVirginia.
_bReston Publishing Co., Inc.,
_c1979
300 _axvii,487
_bHB
365 _cRs
650 _aPersonnel Management
906 _aManaging Salespeople
999 _c212437
_d212437